Genshin Impact 5* Catalysts by Picture - Statistics

General Stats
  • This quiz has been taken 47 times
  • The average score is 8 of 13
Answer Stats
Picture Answer % Correct
Skyward Atlas
82%
Kagura's Verity
76%
Surf's Up
73%
A Thousand Floating Dreams
70%
Tome of the Eternal Flow
70%
Everlasting Moonglow
67%
Cashflow Supervision
61%
Jadefall's Splendor
58%
Tulaytullah's Remembrance
58%
Lost Prayer to the Sacred Winds
55%
Crane's Echoing Call
52%
Memory of Dust
48%
Starcaller's Watch
48%
No matching quizzes found
Score Distribution
Percent of People with Each Score
Percentile by Number Answered
Your Score History
You have not taken this quiz